| LEADER | 00827cas#a2200241#a#4500 | ||
|---|---|---|---|
| 001 | 015577 | ||
| 005 | 20191122141747.0 | ||
| 008 | 000511c1967####ag####p#############spa#d | ||
| 999 | |c 26229 |d 109035 | ||
| 040 | |a AR-beUNQ |e aacr | ||
| 099 | |a P-AR-RES2 [Fondo Reservado] | ||
| 110 | 2 | |a EDEAR S.A.C.I.M.S. | |
| 245 | 0 | 0 | |a Resultado / |c EDEAR S.A.C.I.M.S.. |
| 260 | |a Buenos Aires : |b Edear, | ||
| 300 | |a v. | ||
| 310 | |a semanal. A partir del n°223, mensual | ||
| 592 | |a Fondo Reservado | ||
| 650 | 7 | |a Política |2 Spines | |
| 650 | 7 | |a Economía |2 Spines | |
| 651 | 7 | |a Argentina |2 Spines | |
| 866 | 0 | |a 1967 (16,18,20,26,29-31,39-40,43); 1968 (58,60,62-65,67,70,72,74,88,90,95,99); 1969 (106,125-130,132,134,136,139-149); 1970 (150,159-196); 1971 (197-201,203-209,211-215,219,221); 1972 (223-225,227-231) | |
| 929 | |j 22263 | ||
| 942 | |c REV |n 0 | ||